000 00338nam a22001457a 4500
008 210512b ||||| |||| 00| 0 eng d
020 _a9780314043917
041 _aeng
080 _22nd
_a338
082 _a338
100 _a53
101 _aMEN
245 _aManagers and the Legal Environment
_cConstance E. Bagley
942 _2udc
_cBK
999 _c57271
_d57271